¡PECA! : (Record no. 986)

MARC details
000 -LEADER
campo de control de longitud fija 00623nam a22001817a 4500
008 - DATOS DE LONGITUD FIJA--INFORMACIÓN GENERAL
campo de control de longitud fija 160730s2008 ||||| |||| 00| 0 spa d
082 04 - NÚMERO DE LA CLASIFICACIÓN DECIMAL DEWEY
Número de clasificación 759.972.8
Número de ítem E777p
110 1# - ENTRADA PRINCIPAL--NOMBRE DE ENTIDAD CORPORATIVA
Nombre de entidad corporativa o nombre de jurisdicción como elemento de entrada Espira / La Espora.
9 (RLIN) 5323
245 10 - MENCIÓN DEL TÍTULO
Título ¡PECA! :
Resto del título pintura emergente de Centro América /
Mención de responsabilidad, etc. Espira / La Espora.
250 ## - MENCION DE EDICION
Mención de edición 1a ed.
260 ## - PUBLICACIÓN, DISTRIBUCIÓN, ETC.
Lugar de publicación, distribución, etc. Managua, Nicaragua :
Nombre del editor, distribuidor, etc. Espira / La Espora,
Fecha de publicación, distribución, etc. 2008.
300 ## - DESCRIPCIÓN FÍSICA
Extensión 80 p.
500 ## - NOTA GENERAL
Nota general Textos por Patricia Belli, Javier Calvo, Fernando Alemán, Alejandro Flores y Darwin Andino.
653 10 - TÉRMINO DE INDIZACIÓN--NO CONTROLADO
Término no controlado Pintura
653 10 - TÉRMINO DE INDIZACIÓN--NO CONTROLADO
Término no controlado Pintura centroaméricana
653 10 - TÉRMINO DE INDIZACIÓN--NO CONTROLADO
Término no controlado Arte moderno
653 10 - TÉRMINO DE INDIZACIÓN--NO CONTROLADO
Término no controlado Artistas centroamericanos
Holdings
Estatus retirado Estado de pérdida Fuente del sistema de clasificación o colocación Estado de daño No para préstamo Biblioteca de origen Biblioteca actual Ubicación en estantería Fecha de adquisición Total de préstamos Signatura topográfica completa Código de barras Visto por última vez Precio de reemplazo Tipo de ítem Koha
    Clasificación Decimal Dewey     Biblioteca LadoV Biblioteca LadoV   30/07/2016   759.972.8 E777p 003901 30/07/2016 30/07/2016 Material 01